[Event "Cracovia 2009"]
[Site "Krakow"]
[Date "2009.12.29"]
[Round "3.12"]
[White "Duda, Jan-Krzysztof"]
[Black "Gumula, Daniel"]
[Result "1-0"]
[WhiteElo "2079"]
[BlackElo "2312"]
[PlyCount "59"]
[EventDate "2009.??.??"]

1. e4 c5 2. Nf3 d6 3. d4 cxd4 4. Nxd4 Nf6 5. Nc3 Nc6 6. Bc4 Bd7 7. O-O Rc8 8.
Bb3 a6 9. Nf5 g6 10. Nh6 Be6 11. Bg5 Bg7 12. f4 Rf8 13. Bxe6 fxe6 14. Kh1 Qb6
15. Rb1 Qa5 16. f5 Nd8 17. Qd3 Nd7 18. Bd2 Ne5 19. Qg3 Nc4 20. fxg6 Rxf1+ 21.
Rxf1 Nxd2 22. gxh7 Qe5 23. Qg6+ Kd7 24. Ng4 Nxf1 25. Nxe5+ Bxe5 26. g3 Nc6 27.
Qh6 Bd4 28. Ne2 Be5 29. Kg2 Nb4 30. c3 1-0

[Event "Cracovia 2009"]
[Site "Krakow"]
[Date "2009.12.29"]
[Round "3.13"]
[White "Sowul, Bartosz"]
[Black "Sadzikowski, Daniel"]
[Result "1/2-1/2"]
[WhiteElo "2101"]
[BlackElo "2287"]
[PlyCount "95"]
[EventDate "2009.??.??"]

1. e4 e5 2. Nf3 Nc6 3. Bb5 a6 4. Bxc6 dxc6 5. d4 exd4 6. Qxd4 Qxd4 7. Nxd4 Bd7
8. Be3 Bb4+ 9. Nd2 O-O-O 10. O-O-O Nf6 11. f3 h6 12. Nc4 Rhe8 13. Bd2 Bxd2+ 14.
Rxd2 c5 15. Nb3 Be6 16. Rxd8+ Kxd8 17. Rd1+ Ke7 18. Ne3 b6 19. Nd2 g5 20. h4
Nh5 21. hxg5 hxg5 22. b3 Ng3 23. Nb1 c6 24. Nc3 b5 25. Re1 Rh8 26. Kb2 Kf6 27.
Ne2 Nxe2 28. Rxe2 Ke5 29. Rf2 Rh1 30. a4 Kf4 31. Nf1 Rxf1 32. Rxf1 Kg3 33. Rd1
Kxg2 34. Rd3 c4 35. bxc4 Bxc4 36. Rc3 Kf2 37. a5 f6 38. Kc1 Ke2 39. Kb2 Kf2 40.
Ka3 c5 41. Kb2 Be2 42. Rxc5 Bxf3 43. Rc6 f5 44. Rg6 fxe4 45. Rxg5 e3 46. Re5 e2
47. c4 Bb7 48. Kc3 1/2-1/2

[Event "Cracovia 2009"]
[Site "Krakow"]
[Date "2009.12.29"]
[Round "3.14"]
[White "Veltkamp, Gerben"]
[Black "Bronowicki, Mateusz"]
[Result "0-1"]
[WhiteElo "2166"]
[BlackElo "2366"]
[PlyCount "124"]
[EventDate "2009.??.??"]

1. d4 e6 2. Nf3 f5 3. g3 Nf6 4. Bg2 d5 5. O-O Bd6 6. c4 c6 7. Qc2 O-O 8. Rd1 b6
9. Nc3 Qc7 10. Ne5 Nbd7 11. Nd3 Bb7 12. b3 Rac8 13. e3 g5 14. a4 a6 15. Qa2 Ne4
16. Ne2 c5 17. Bb2 Qb8 18. Rac1 Qa8 19. Ne5 Rc7 20. Nxd7 Rxd7 21. f3 Nf6 22.
Rf1 dxc4 23. bxc4 g4 24. d5 exd5 25. Nf4 Bxf4 26. gxf4 d4 27. exd4 gxf3 28. Bh1
Rg7+ 29. Kf2 Ng4+ 30. Ke1 cxd4 31. Kd2 Re8 32. Rce1 Ne3 33. Rf2 Rd7 34. Rg1+
Ng2 35. c5+ Kf8 36. Qa3 Re3 37. c6+ Rxa3 38. Bxa3+ Ke8 39. Bxg2 fxg2 40. Rfxg2
Bxc6 41. Rg8+ Kf7 42. Rxa8 Bxa8 43. Rb1 b5 44. axb5 Be4 45. Rb4 axb5 46. Bb2 d3
47. Rxb5 Rc7 48. Bc3 Kg6 49. Rb8 Ra7 50. Ke3 Kh5 51. Rb6 Ra2 52. Bb2 Kg4 53.
Rb8 h5 54. Rb6 Kh3 55. Kd2 Kxh2 56. Kc3 h4 57. Kb3 Ra7 58. Bf6 h3 59. Kc3 Kg3
60. Be5 h2 61. Rg6+ Kh3 62. Rh6+ Kg2 0-1

[Event "Cracovia 2009"]
[Site "Krakow"]
[Date "2009.12.29"]
[Round "3.15"]
[White "Dworakowska, Joanna"]
[Black "Gosciniak, Maria"]
[Result "1-0"]
[WhiteElo "2361"]
[BlackElo "2188"]
[PlyCount "67"]
[EventDate "2009.??.??"]

1. e4 Nf6 2. e5 Nd5 3. d4 d6 4. c4 Nb6 5. exd6 exd6 6. h3 Be7 7. Nf3 O-O 8. Nc3
Bf6 9. Be2 Nc6 10. O-O d5 11. c5 Nc4 12. b3 N4a5 13. Bf4 Be6 14. Nb5 Rc8 15.
Qd2 b6 16. Rac1 Nb7 17. cxb6 cxb6 18. Rxc6 Rxc6 19. Nxa7 Rd6 20. Bxd6 Nxd6 21.
Nb5 Ne4 22. Qb2 Qb8 23. Ne5 Bh4 24. Nc3 f5 25. f4 Qd8 26. Nxe4 fxe4 27. Qc3 Qf6
28. Qc6 Bg3 29. f5 Bxf5 30. Qxd5+ Kh8 31. Nd7 Bxd7 32. Rxf6 gxf6 33. Qxd7 f5
34. Qe7 1-0

[Event "Cracovia 2009"]
[Site "Krakow"]
[Date "2009.12.29"]
[Round "3.16"]
[White "Mucha, Roman"]
[Black "Nguyen, Piotr"]
[Result "0-1"]
[WhiteElo "2185"]
[BlackElo "2353"]
[PlyCount "68"]
[EventDate "2009.??.??"]

1. d4 d6 2. c4 e5 3. Nf3 e4 4. Ng5 f5 5. g3 Be7 6. Nh3 Nf6 7. Nc3 O-O 8. Bg2 c6
9. O-O Kh8 10. d5 Qb6 11. b3 Nbd7 12. Be3 Qa6 13. dxc6 bxc6 14. f3 Qa5 15. Bd2
Qc5+ 16. Kh1 d5 17. cxd5 cxd5 18. Rc1 Qb6 19. fxe4 fxe4 20. Bg5 Bb7 21. Nf4 Ba3
22. Rb1 d4 23. Na4 Qd6 24. e3 dxe3 25. Qxd6 Bxd6 26. Rfd1 Bb4 27. Nb2 Ne5 28.
Nc4 Nfg4 29. Nxe5 Nxe5 30. a3 Bd2 31. Ne6 Nd3 32. Bxe3 Bxe3 33. Rxd3 exd3 34.
Bxb7 Rab8 0-1

[Event "Cracovia 2009"]
[Site "Krakow"]
[Date "2009.12.29"]
[Round "3.17"]
[White "Bakalarz, Leszek"]
[Black "Strzemiecki, Zbigniew"]
[Result "0-1"]
[WhiteElo "2137"]
[BlackElo "2333"]
[PlyCount "70"]
[EventDate "2009.??.??"]

1. e4 e6 2. d4 d5 3. Nd2 Nc6 4. Ngf3 Nf6 5. e5 Nd7 6. c3 f6 7. exf6 Qxf6 8. Bd3
Bd6 9. O-O O-O 10. h3 Kh8 11. Nh2 e5 12. dxe5 Ndxe5 13. Be2 Bf5 14. Nb3 Ne7 15.
Nd4 Bd7 16. Ng4 Bxg4 17. Bxg4 N7g6 18. Ne6 Rfe8 19. Bg5 Qf7 20. Nd4 h6 21. Be3
Nxg4 22. hxg4 Re5 23. Nf5 Rxf5 24. gxf5 Qxf5 25. f4 Re8 26. Qd2 Re4 27. g3 Qh3
28. Kf2 Bxf4 29. gxf4 Nh4 30. Ke2 Nf5 31. Rf3 Qg2+ 32. Rf2 Qg4+ 33. Kd3 Nxe3
34. Re1 Qf5 35. Rxe3 Rxf4+ 0-1

[Event "Cracovia 2009"]
[Site "Krakow"]
[Date "2009.12.29"]
[Round "3.18"]
[White "Llaneza Vega, Patricia"]
[Black "Jussupow, Nadia"]
[Result "1-0"]
[WhiteElo "2276"]
[BlackElo "2178"]
[PlyCount "91"]
[EventDate "2009.??.??"]

1. e4 c5 2. Nc3 d6 3. f4 Nc6 4. Nf3 g6 5. Bc4 Bg7 6. O-O e6 7. d3 Nge7 8. Qe1
Nd4 9. Nxd4 cxd4 10. Ne2 O-O 11. f5 exf5 12. Bg5 h6 13. Bh4 g5 14. Bf2 d5 15.
exd5 Nxd5 16. Nxd4 Re8 17. Qd2 Nf4 18. c3 Bxd4 19. cxd4 b5 20. Bb3 Bb7 21. Rfe1
Bxg2 22. Be3 Bb7 23. Bxf4 Qxd4+ 24. Qf2 Qxf4 25. Qxf4 gxf4 26. Rxe8+ Rxe8 27.
Rc1 Rc8 28. Re1 Rc7 29. Re5 a6 30. Rxf5 f3 31. d4 Kg7 32. d5 Rd7 33. Kf2 Kg6
34. Bc2 f6 35. Be4 Rd6 36. Rxf3+ Kg5 37. Kg3 Bc8 38. h4+ Kh5 39. Rc3 Bd7 40.
Kf4 b4 41. Rg3 b3 42. Bf3+ Kxh4 43. Rg6 h5 44. Rg1 Bh3 45. Rh1 Rb6 46. a3 1-0

[Event "Cracovia 2009"]
[Site "Krakow"]
[Date "2009.12.29"]
[Round "3.19"]
[White "Watorek, Marcin"]
[Black "Gbyl, Andrzej"]
[Result "0-1"]
[WhiteElo "2133"]
[BlackElo "2270"]
[PlyCount "80"]
[EventDate "2009.??.??"]

1. d4 d5 2. c4 c6 3. Nf3 Nf6 4. Nc3 dxc4 5. a4 Bf5 6. Ne5 e6 7. f3 Bb4 8. e4
Bxe4 9. fxe4 Nxe4 10. Bd2 Qxd4 11. Nxe4 Qxe4+ 12. Qe2 Bxd2+ 13. Kxd2 Qd4+ 14.
Kc2 Na6 15. Nxc4 O-O 16. Rd1 Qc5 17. Qe3 Nb4+ 18. Kb3 Qe7 19. Ne5 Nd5 20. Qe4
Rad8 21. Bd3 f5 22. Qe1 Qc5 23. Nc4 Nf4 24. Qc3 Rd4 25. g3 Nd5 26. Qe1 Kh8 27.
Qxe6 Rxd3+ 28. Rxd3 Qb4+ 29. Kc2 Qxc4+ 30. Kd2 Qxa4 31. Rf1 Qa5+ 32. Ke2 f4 33.
Qd6 Rd8 34. Qe5 Qb5 35. Kd2 Qa5+ 36. Ke2 Rf8 37. Qd6 Re8+ 38. Kf3 Qb5 39. Rfd1
Qxb2 40. Qd7 Qe2# 0-1

[Event "Cracovia 2009"]
[Site "Krakow"]
[Date "2009.12.29"]
[Round "3.20"]
[White "Kalvaitis, Sigitas"]
[Black "Kireev, Andrey"]
[Result "1-0"]
[WhiteElo "2270"]
[BlackElo "2163"]
[PlyCount "91"]
[EventDate "2009.??.??"]

1. e4 e5 2. Nf3 Qe7 3. Bc4 d6 4. O-O Bg4 5. Re1 Nc6 6. c3 g6 7. h3 Bxf3 8. Qxf3
h5 9. d3 Bh6 10. Nd2 a6 11. a4 Nf6 12. Nf1 Bxc1 13. Raxc1 Nd8 14. d4 Ne6 15.
Bxe6 Qxe6 16. Ne3 O-O-O 17. d5 Qe7 18. b4 Rdf8 19. c4 Ne8 20. c5 f5 21. Nc4
fxe4 22. Qe2 Kd8 23. Na5 Qh4 24. Nxb7+ Kd7 25. cxd6 Nxd6 26. Nxd6 cxd6 27. Qxa6
Rd8 28. Rc7+ Ke8 29. Qc6+ Kf8 30. a5 Kg8 31. a6 Rh7 32. Rxh7 Kxh7 33. Qc7+ Kh6
34. b5 e3 35. Rxe3 Rf8 36. Re2 Qd4 37. Qc1+ g5 38. h4 Qxh4 39. b6 Qd4 40. Qe3
Qc4 41. a7 Qb5 42. Kh2 h4 43. Rd2 Qb1 44. Qa3 Qf5 45. Qf3 Qc8 46. b7 1-0

[Event "Cracovia 2009"]
[Site "Krakow"]
[Date "2009.12.29"]
[Round "3.21"]
[White "Bartel, Michal"]
[Black "Swiech, Przemyslaw"]
[Result "0-1"]
[WhiteElo "2234"]
[BlackElo "2134"]
[PlyCount "64"]
[EventDate "2009.??.??"]

1. e4 c5 2. Nf3 d6 3. d4 cxd4 4. Nxd4 Nf6 5. Nc3 a6 6. Be3 e5 7. Nb3 Be6 8. f4
exf4 9. Bxf4 Be7 10. Qe2 Nbd7 11. h3 Ne5 12. O-O-O Qc7 13. g4 Nfd7 14. Nd4 g6
15. Kb1 Qa5 16. g5 Bc4 17. Qd2 Rc8 18. Nb3 Qc7 19. Bxc4 Nxc4 20. Qd4 Na3+ 21.
Kc1 Ne5 22. Rd2 Nb5 23. Nxb5 axb5 24. h4 O-O 25. Rh3 Qd7 26. Rg3 Qe6 27. h5 Ra8
28. Kb1 Ra4 29. Qf2 Rfa8 30. Bxe5 dxe5 31. Qe2 Rxa2 32. Qxb5 Ra1+ 0-1

[Event "Cracovia 2009"]
[Site "Krakow"]
[Date "2009.12.29"]
[Round "3.22"]
[White "Kondopoulos, Dimitrios"]
[Black "Matras-Clement, Agnieszka"]
[Result "1/2-1/2"]
[WhiteElo "2061"]
[BlackElo "2231"]
[PlyCount "81"]
[EventDate "2009.??.??"]

1. e4 e5 2. Nf3 Nc6 3. Bb5 a6 4. Ba4 Nf6 5. O-O b5 6. Bb3 Bc5 7. c3 d6 8. h3
O-O 9. d4 Bb6 10. Be3 Re8 11. Nbd2 Bb7 12. Re1 exd4 13. cxd4 h6 14. Rc1 Na5 15.
d5 Nxb3 16. axb3 Nxe4 17. Bxb6 Nxd2 18. Rxe8+ Qxe8 19. Qxd2 cxb6 20. Rc7 Rb8
21. Nd4 Qd8 22. Rc3 Bxd5 23. Nf5 Be6 24. Nxd6 Qg5 25. f4 Qf6 26. Ne4 Qe7 27.
Re3 Rd8 28. Qc3 Qd7 29. Kh2 Qd4 30. Qe1 Bf5 31. Ng3 Bc2 32. Rc3 Bd3 33. Qe7 Qd6
34. Qe3 b4 35. Rc1 Bb5 36. Qf3 Qd3 37. Qg4 Qg6 38. Qf3 Rd3 39. Qa8+ Kh7 40. f5
Qd6 41. Qe4 1/2-1/2

[Event "Cracovia 2009"]
[Site "Krakow"]
[Date "2009.12.29"]
[Round "3.23"]
[White "Zajac, Mateusz"]
[Black "Rudnicki, Milosz"]
[Result "0-1"]
[WhiteElo "1839"]
[BlackElo "2221"]
[PlyCount "66"]
[EventDate "2009.??.??"]

1. Nf3 c5 2. c4 Nf6 3. Nc3 d5 4. cxd5 Nxd5 5. g3 g6 6. Bg2 Bg7 7. O-O Nc6 8.
Nxd5 Qxd5 9. d3 O-O 10. a3 Qd7 11. Qc2 b6 12. Bd2 Bb7 13. Bc3 e5 14. b4 Nd4 15.
Bxd4 cxd4 16. Rfc1 e4 17. dxe4 d3 18. Qxd3 Qxd3 19. exd3 Bxa1 20. Rxa1 Rfd8 21.
Ne1 Rac8 22. e5 Bxg2 23. Kxg2 f6 24. exf6 Kf7 25. Kf3 Re8 26. d4 Rc3+ 27. Kg2
Kxf6 28. Kf1 Rd8 29. Ng2 Rxd4 30. Nf4 Rc2 31. Re1 Rdd2 32. Nh3 g5 33. f4 Rxh2
0-1

[Event "Cracovia 2009"]
[Site "Krakow"]
[Date "2009.12.29"]
[Round "3.24"]
[White "Goslawski, Michal"]
[Black "Jagodzinski, Piotr"]
[Result "1/2-1/2"]
[WhiteElo "2021"]
[BlackElo "2207"]
[PlyCount "102"]
[EventDate "2009.??.??"]

1. Nf3 d5 2. d4 Nf6 3. c4 c6 4. Qc2 g6 5. e3 Bg7 6. Bd3 O-O 7. O-O dxc4 8. Qxc4
Qb6 9. Nbd2 Na6 10. a3 Be6 11. Qc2 Rac8 12. b4 Nb8 13. Nc4 Qc7 14. Bb2 Nbd7 15.
h3 Bxc4 16. Bxc4 a5 17. Rfc1 axb4 18. axb4 Qb6 19. Qb3 Ne4 20. Bd3 Nd6 21. Ne5
Nxe5 22. dxe5 Nb5 23. Ra5 Rfd8 24. e6 f5 25. Bxg7 Kxg7 26. Qb2+ Kg8 27. Bxb5
cxb5 28. Rxc8 Rxc8 29. Qe5 Qc7 30. Qxc7 Rxc7 31. Rxb5 Kg7 32. f4 Kf6 33. Rb6 h6
34. Kf2 g5 35. g4 gxf4 36. exf4 Rc3 37. Kg2 Rc2+ 38. Kg3 Rc3+ 39. Kh4 Rc4 40.
Rxb7 Rxf4 41. Rb6 fxg4 42. hxg4 Rf1 43. b5 Rh1+ 44. Kg3 h5 45. gxh5 Rxh5 46.
Kf4 Rh4+ 47. Ke3 Ke5 48. Kd3 Kd5 49. Kc3 Re4 50. Rc6 Rxe6 51. Rxe6 Kxe6 1/2-1/2

[Event "Cracovia 2009"]
[Site "Krakow"]
[Date "2009.12.29"]
[Round "3.25"]
[White "Warakomska, Anna"]
[Black "Kumor, Lukasz"]
[Result "1-0"]
[WhiteElo "2189"]
[BlackElo "2104"]
[PlyCount "55"]
[EventDate "2009.??.??"]

1. e4 e6 2. d4 d5 3. Nc3 Nf6 4. e5 Nfd7 5. f4 c5 6. Nf3 Nc6 7. Be3 cxd4 8. Nxd4
Bc5 9. Qd2 O-O 10. O-O-O a6 11. Qf2 Qe7 12. g4 Nxd4 13. Bxd4 b5 14. Kb1 Bb7 15.
Bg2 Rfc8 16. Ne2 a5 17. Rhe1 b4 18. f5 exf5 19. Nf4 Bxd4 20. Rxd4 Nxe5 21. Nxd5
Bxd5 22. Bxd5 Rab8 23. Qxf5 Qc5 24. Rdd1 Ng6 25. Bxf7+ Kh8 26. Re8+ Nf8 27.
Qxc5 Rxc5 28. Rxb8 1-0

[Event "Cracovia 2009"]
[Site "Krakow"]
[Date "2009.12.29"]
[Round "3.26"]
[White "Rudolf, Michal"]
[Black "Rago, Riccardo"]
[Result "1-0"]
[WhiteElo "2381"]
[BlackElo "2105"]
[PlyCount "69"]
[EventDate "2009.??.??"]

1. d4 Nf6 2. c4 g6 3. Nc3 Bg7 4. Nf3 d6 5. Bg5 Nbd7 6. e3 c6 7. Be2 O-O 8. O-O
a6 9. Nd2 Rb8 10. a4 b6 11. Qc2 c5 12. d5 h6 13. Bh4 Ne8 14. f4 Nc7 15. Nf3 Qe8
16. Bd3 Bb7 17. e4 e5 18. dxe6 Nxe6 19. Qd2 Nd4 20. Rae1 Nxf3+ 21. Rxf3 Nf6 22.
h3 Qd7 23. Bc2 Rfe8 24. Rf2 Re6 25. f5 gxf5 26. Rxf5 Rbe8 27. Qf4 Nh7 28. Rf1
Rf8 29. Qg3 Rg6 30. Qf3 Bd4+ 31. Kh1 Be5 32. Qh5 Qe6 33. Nd5 Kg7 34. Ne7 Re8
35. Rxf7+ 1-0

[Event "Cracovia 2009"]
[Site "Krakow"]
[Date "2009.12.29"]
[Round "3.27"]
[White "Wandzik, Wojciech"]
[Black "Shilov, Sergej"]
[Result "0-1"]
[WhiteElo "2092"]
[BlackElo "2267"]
[PlyCount "102"]
[EventDate "2009.??.??"]

1. e4 g6 2. d4 Bg7 3. Nc3 d6 4. Be3 a6 5. a4 Nf6 6. f3 O-O 7. Qd2 e5 8. Bc4
exd4 9. Bxd4 Nc6 10. Be3 Be6 11. Bxe6 fxe6 12. Nge2 d5 13. Rd1 dxe4 14. Qxd8
Raxd8 15. Rxd8 Rxd8 16. fxe4 Nb4 17. O-O Nxc2 18. Bg5 Rf8 19. Rd1 Ng4 20. Rc1
Nd4 21. h3 Nf2 22. Nf4 e5 23. Kxf2 exf4 24. Rd1 Rf7 25. Bh6 Ne6 26. Bxg7 Kxg7
27. Rd5 Kf6 28. h4 c6 29. Rd2 Ke5 30. Kf3 Nd4+ 31. Kg4 f3 32. Rf2 Rf4+ 33. Kh3
fxg2 34. Rxg2 Ne6 35. Rd2 g5 36. Rd7 Rxh4+ 37. Kg3 Nc5 38. Re7+ Kd6 39. Re8 a5
40. Kf3 h5 41. Ne2 Rh3+ 42. Kg2 Rb3 43. Nd4 Rxb2+ 44. Kf3 Kd7 45. Re5 Nb3 46.
Nf5 Nd2+ 47. Kg3 Rb4 48. Re7+ Kd8 49. e5 Rg4+ 50. Kh3 Rg1 51. e6 Nf3 0-1

[Event "Cracovia 2009"]
[Site "Krakow"]
[Date "2009.12.29"]
[Round "3.28"]
[White "Iwanow, Anna"]
[Black "Zysko, Jan"]
[Result "0-1"]
[WhiteElo "2026"]
[BlackElo "2205"]
[PlyCount "82"]
[EventDate "2009.??.??"]

1. e4 g6 2. d4 Bg7 3. f4 c5 4. Nf3 cxd4 5. Nxd4 Nc6 6. Be3 Nf6 7. Nc3 Qa5 8.
Nb3 Qc7 9. Be2 d6 10. O-O O-O 11. a4 Be6 12. Nd4 Nxd4 13. Bxd4 Bc4 14. Qd2 a6
15. Rae1 Rac8 16. Kh1 Bxe2 17. Rxe2 Qc4 18. Rfe1 Rfd8 19. Rd1 Qb4 20. Nd5 Nxd5
21. exd5 Qxa4 22. Bxg7 Kxg7 23. b3 Qd7 24. Rde1 Re8 25. Qd4+ Kg8 26. c4 b5 27.
h3 bxc4 28. bxc4 a5 29. Re4 a4 30. Qe3 Rc7 31. g4 Qc8 32. Qc1 f5 33. gxf5 Qxf5
34. Kg2 Rb7 35. R1e3 Rb3 36. Rxb3 Qxe4+ 37. Rf3 Rc8 38. Kg3 Rxc4 39. Qd2 Rd4
40. Qa5 Rxd5 41. Qa6 Qe1+ 0-1

[Event "Cracovia 2009"]
[Site "Krakow"]
[Date "2009.12.29"]
[Round "3.29"]
[White "Sliwerski, Radoslaw"]
[Black "Wiewiora, Eneasz"]
[Result "1-0"]
[WhiteElo "2157"]
[BlackElo "2023"]
[PlyCount "91"]
[EventDate "2009.??.??"]

1. d4 Nf6 2. c4 g6 3. g3 Bg7 4. Bg2 O-O 5. Nc3 d6 6. Nf3 c5 7. O-O Nc6 8. dxc5
dxc5 9. Bf4 Qa5 10. Qc1 Rd8 11. Nb5 Ne8 12. Bd2 Qb6 13. a4 a5 14. Bg5 Be6 15.
Nd2 h6 16. Be3 Nd4 17. Bxd4 cxd4 18. c5 Qa6 19. Nc4 Bxc4 20. Qxc4 Rac8 21. Rac1
Nc7 22. Bh3 Ne6 23. b4 Kh7 24. Rfd1 f5 25. Bg2 Nc7 26. Nxc7 Qxc4 27. Rxc4 Rxc7
28. b5 b6 29. Rdc1 Rdc8 30. f4 Rxc5 31. Rxc5 bxc5 32. b6 Rb8 33. b7 e5 34. fxe5
d3 35. exd3 Bxe5 36. Kf1 Bd6 37. Rb1 Kg7 38. Rb5 Bc7 39. Rxc5 Bb6 40. Rc8 Ba7
41. Ke2 Kf7 42. d4 Ke7 43. Kd3 Kd7 44. Bc6+ Kd6 45. Kc4 g5 46. Kb5 1-0

[Event "Cracovia 2009"]
[Site "Krakow"]
[Date "2009.12.29"]
[Round "3.31"]
[White "Andrenko, Irina"]
[Black "Andrzejewska, Anna"]
[Result "1-0"]
[WhiteElo "2154"]
[BlackElo "2007"]
[PlyCount "123"]
[EventDate "2009.??.??"]

1. e4 e5 2. Nf3 Nc6 3. Bc4 Bc5 4. c3 Nf6 5. d3 d6 6. O-O h6 7. Nbd2 O-O 8. Re1
Bb6 9. Nf1 Be6 10. Bb3 Ne7 11. d4 Bxb3 12. axb3 exd4 13. cxd4 d5 14. e5 Ne4 15.
Ng3 Nxg3 16. hxg3 Qd7 17. Bf4 Ng6 18. Bd2 Rfe8 19. Qc2 c6 20. Ba5 Qg4 21. Qd3
Nf8 22. Bxb6 axb6 23. Ra3 Rxa3 24. bxa3 b5 25. a4 bxa4 26. bxa4 Ne6 27. Ra1 Ng5
28. Qb3 Nxf3+ 29. gxf3 Qd7 30. Rb1 Re7 31. Kg2 Qe6 32. Qb6 Rd7 33. Qa7 Qe7 34.
Qb8+ Kh7 35. f4 g6 36. a5 Rc7 37. Rh1 h5 38. f5 Qd7 39. e6 fxe6 40. fxg6+ Kxg6
41. Qg8+ Qg7 42. Qxe6+ Qf6 43. Qxf6+ Kxf6 44. Rxh5 Re7 45. Kf1 Re4 46. Rh4 Kf5
47. f3 Re3 48. Kf2 Ra3 49. Rh7 Ra2+ 50. Kf1 Ra1+ 51. Kg2 Ra2+ 52. Kh3 Rxa5 53.
Rxb7 Ra4 54. Rf7+ Kg6 55. Rc7 Rc4 56. g4 Kf6 57. f4 Ke6 58. g5 Kd6 59. Rc8 Kd7
60. Ra8 Rxd4 61. g6 Rxf4 62. g7 1-0

[Event "Cracovia 2009"]
[Site "Krakow"]
[Date "2009.12.29"]
[Round "3.32"]
[White "Luca, Ionel"]
[Black "Korosciel, Aneta"]
[Result "0-1"]
[WhiteElo "2153"]
[BlackElo "2030"]
[PlyCount "80"]
[EventDate "2009.??.??"]

1. c4 Nf6 2. Nc3 e6 3. g3 c5 4. Bg2 Nc6 5. d3 Be7 6. a3 O-O 7. Rb1 d5 8. b3 d4
9. Na4 Qc7 10. Nf3 Bd7 11. Bd2 a6 12. O-O h6 13. Qc2 Rac8 14. Rfc1 a5 15. Qd1
e5 16. Qf1 Rfe8 17. Bh3 Bxh3 18. Qxh3 e4 19. Bf4 Bd6 20. Bxd6 Qxd6 21. dxe4
Nxe4 22. Nb6 Rcd8 23. Nd5 Ne7 24. Nf4 Ng6 25. Nxg6 Qxg6 26. Rb2 Nc3 27. Kf1
Nxe2 28. Rd1 Qe4 29. g4 d3 30. Rbd2 Nf4 31. Qg3 Qe2+ 32. Kg1 Qxd1+ 33. Rxd1
Ne2+ 34. Kf1 Nxg3+ 35. hxg3 Re6 36. Rd2 Rb6 37. Rb2 a4 38. Nd2 axb3 39. Ke1
Re8+ 40. Kd1 Re2 0-1

[Event "Cracovia 2009"]
[Site "Krakow"]
[Date "2009.12.29"]
[Round "3.33"]
[White "Grabowski, Adam"]
[Black "Bebchuk, Leonid"]
[Result "0-1"]
[WhiteElo "1924"]
[BlackElo "2151"]
[PlyCount "86"]
[EventDate "2009.??.??"]

1. e4 e5 2. Nf3 Nf6 3. Nxe5 d6 4. Nf3 Nxe4 5. Nc3 Nxc3 6. dxc3 Be7 7. Be3 Nc6
8. Qd2 O-O 9. O-O-O Bf5 10. h3 Re8 11. Bd3 Qd7 12. g4 Bxd3 13. Qxd3 Qe6 14. Kb1
Ne5 15. Qe2 Qc4 16. Qxc4 Nxc4 17. Bf4 Bf6 18. Rhe1 g6 19. h4 Re6 20. Rxe6 fxe6
21. Re1 e5 22. Bh6 Bg7 23. Bxg7 Kxg7 24. Ng5 Re8 25. b3 h6 26. Ne4 Nb6 27. h5
Rf8 28. c4 Nd7 29. Re3 Rf4 30. f3 gxh5 31. gxh5 Rf5 32. Kc1 Rxh5 33. Kd2 Nf6
34. Nc3 a6 35. f4 Kf7 36. fxe5 Rxe5 37. Rxe5 dxe5 38. Ke3 Ke6 39. b4 h5 40. b5
axb5 41. cxb5 Nd5+ 42. Nxd5 Kxd5 43. a4 b6 0-1

[Event "Cracovia 2009"]
[Site "Krakow"]
[Date "2009.12.29"]
[Round "3.34"]
[White "Motyl, Tomasz"]
[Black "Jussupow, Alexander"]
[Result "0-1"]
[WhiteElo "2022"]
[BlackElo "2110"]
[PlyCount "110"]
[EventDate "2009.??.??"]

1. e4 g6 2. d4 Bg7 3. c4 d6 4. Nc3 e5 5. Be3 Nc6 6. d5 Nce7 7. c5 f5 8. f3 Nf6
9. Bb5+ Bd7 10. Nh3 O-O 11. Bxd7 Qxd7 12. O-O h6 13. Qb3 Kh7 14. cxd6 cxd6 15.
Nf2 g5 16. Rac1 fxe4 17. fxe4 Ng6 18. Nb5 a6 19. Nc7 Rac8 20. Ne6 Rfe8 21. g3
Nf8 22. Nxf8+ Bxf8 23. Bd2 Be7 24. Qe3 Rf8 25. Kg2 Rce8 26. Qe2 Bd8 27. Nd1 Rf7
28. Ne3 Ref8 29. Qd3 Qb5 30. Qxb5 axb5 31. Bb4 Nxe4 32. Rxf7+ Rxf7 33. Ng4 Bb6
34. Re1 Nc5 35. Bxc5 Bxc5 36. b4 Bxb4 37. Rb1 Bc5 38. Rxb5 h5 39. Nxe5 Rf2+ 40.
Kh3 g4+ 41. Kh4 Kh6 42. Nxg4+ hxg4 43. Rxb7 Rxh2+ 44. Kxg4 Rxa2 45. Rf7 Kg6 46.
Rf8 Ra4+ 47. Kf3 Rd4 48. Rg8+ Kf5 49. g4+ Ke5 50. Rg5+ Kf6 51. Rf5+ Kg6 52. Kg3
Re4 53. Kf3 Re5 54. Rxe5 dxe5 55. Ke4 Bd6 0-1

[Event "Cracovia 2009"]
[Site "Krakow"]
[Date "2009.12.29"]
[Round "3.36"]
[White "Malec, Sebastian"]
[Black "Staroszczyk, Mateusz"]
[Result "0-1"]
[WhiteElo "2100"]
[BlackElo "2044"]
[PlyCount "78"]
[EventDate "2009.??.??"]

1. e4 g6 2. d4 Bg7 3. c4 d6 4. Nc3 e5 5. d5 Nd7 6. Bd3 Ne7 7. Nf3 O-O 8. O-O f5
9. Rb1 Nf6 10. b4 f4 11. c5 h6 12. Nd2 g5 13. Nc4 Ng6 14. Ba3 f3 15. g3 Qd7 16.
Re1 Qh3 17. Bf1 Qh5 18. Nd2 Bh3 19. Re3 Ng4 20. Rxf3 Bxf1 21. Nxf1 Rxf3 22.
Qxf3 Rf8 23. Qg2 Rxf2 24. Qxf2 Nxf2 25. Kxf2 Nf8 26. Kg2 Nd7 27. cxd6 cxd6 28.
b5 Bf8 29. Ne3 Nf6 30. Nf5 Nxe4 31. Nxe4 Qe2+ 32. Nf2 Qxa2 33. Rc1 Qxd5+ 34.
Kg1 Qf3 35. Nxh6+ Bxh6 36. Bxd6 g4 37. Rc8+ Kf7 38. Bxe5 Be3 39. Rc2 Qd1+ 0-1

[Event "Cracovia 2009"]
[Site "Krakow"]
[Date "2009.12.29"]
[Round "3.37"]
[White "Tantsiura, Marja"]
[Black "Pietruszewski, Marcin"]
[Result "0-1"]
[WhiteElo "1995"]
[BlackElo "2071"]
[PlyCount "80"]
[EventDate "2009.??.??"]

1. e4 c6 2. d4 d5 3. Nc3 dxe4 4. Nxe4 Bf5 5. Ng3 Bg6 6. h4 h6 7. Nf3 Nd7 8. h5
Bh7 9. Bd3 Bxd3 10. Qxd3 Ngf6 11. Bd2 Qc7 12. O-O-O e6 13. Ne4 O-O-O 14. g3 Nc5
15. Nxc5 Bxc5 16. Kb1 Kb8 17. Qe2 Bd6 18. c4 c5 19. dxc5 Qxc5 20. Be3 Qf5+ 21.
Ka1 e5 22. c5 Bc7 23. c6 b6 24. a4 Qe4 25. a5 Qxc6 26. a6 Qa4+ 27. Kb1 Qe4+ 28.
Ka1 Rxd1+ 29. Rxd1 Nd5 30. Rd3 Rd8 31. b3 Rd6 32. Nd2 Qb4 33. Kb2 f5 34. Nc4
Rd7 35. Bc1 e4 36. Rd1 Nc3 37. Rxd7 Nxe2 38. Bd2 Qb5 39. Rf7 Qxa6 40. Rxg7 b5
0-1

[Event "Cracovia 2009"]
[Site "Krakow"]
[Date "2009.12.30"]
[Round "4.1"]
[White "Sharapov, Evgeny"]
[Black "Zubov, Alexander"]
[Result "0-1"]
[WhiteElo "2521"]
[BlackElo "2581"]
[PlyCount "78"]
[EventDate "2009.??.??"]

1. e4 c5 2. Nf3 e6 3. d4 cxd4 4. Nxd4 a6 5. Bd3 Bc5 6. Nb3 Be7 7. Qg4 g6 8. Qe2
d6 9. O-O Nd7 10. Nc3 Qc7 11. a4 b6 12. Kh1 Bb7 13. f4 Ngf6 14. Bd2 O-O 15.
Rae1 Rfe8 16. e5 Nh5 17. Nd4 Bh4 18. Rd1 dxe5 19. fxe5 Qxe5 20. Qg4 Bf6 21. Nf3
Qc7 22. Ne4 Bg7 23. Neg5 f5 24. Qh4 Bd5 25. c4 Bxf3 26. gxf3 Nc5 27. Bc2 Bxb2
28. Rg1 Qc6 29. Nxh7 Qxf3+ 30. Rg2 Kxh7 31. Qg5 Ng7 32. Qxg6+ Kh8 33. Bc1 Bc3
34. Rdg1 Red8 35. Qh6+ Kg8 36. Ba3 Rd2 37. Bxc5 bxc5 38. Qxe6+ Kf8 39. Qh6 Rad8
0-1

[Event "Cracovia 2009"]
[Site "Krakow"]
[Date "2009.12.30"]
[Round "4.2"]
[White "Dziuba, Marcin"]
[Black "Warakomski, Tomasz"]
[Result "0-1"]
[WhiteElo "2573"]
[BlackElo "2485"]
[PlyCount "130"]
[EventDate "2009.??.??"]

1. d4 g6 2. e4 c6 3. c4 d5 4. e5 f6 5. exf6 Nxf6 6. Nf3 Bg4 7. Be2 Bxf3 8. Bxf3
dxc4 9. O-O Nbd7 10. a4 a5 11. d5 Ne5 12. dxc6 bxc6 13. Nd2 Rb8 14. Be2 Rb4 15.
Qc2 Qd5 16. Nf3 Nd3 17. Rd1 Ne4 18. Bxd3 cxd3 19. Rxd3 Qc5 20. Qe2 Bg7 21. Be3
Rxb2 22. Qd1 Qc2 23. Nd4 Qxd1+ 24. Raxd1 O-O 25. f3 Nc5 26. R3d2 Rxd2 27. Rxd2
Bxd4 28. Rxd4 Rb8 29. Kf2 Rb2+ 30. Kg3 Rc2 31. Rd8+ Kf7 32. Ra8 Nxa4 33. Rxa5
Nc3 34. h4 Nb5 35. Kh3 Nd6 36. Ra7 Nf5 37. Bf4 Rc4 38. g3 Rc3 39. Rc7 h6 40.
Be5 Rc5 41. Bf4 Rc4 42. Bd2 Rc2 43. Bf4 Nd4 44. Bxh6 Nxf3 45. Bf4 Kf6 46. Kg4
Nh2+ 47. Kh3 Nf3 48. Kg4 Rc3 49. Bh6 e5 50. Bg7+ Ke6 51. h5 gxh5+ 52. Kxh5 Rc4
53. g4 e4 54. Bh6 Rc5+ 55. Kg6 Ne5+ 56. Kh5 Nf7+ 57. g5 Ne5 58. Bf8 Rc1 59. g6
Rh1+ 60. Kg5 Rg1+ 61. Kf4 Rf1+ 62. Kxe4 Rxf8 63. g7 Ra8 64. Kd4 Kd6 65. Rb7 Rg8
0-1